Pláticas dominicales que el ... señor don Josef Climent, Obispo de Barcelona, predicó en la iglesia parroquial de San Bartolomé de la ciudad de Valencia de que fué parroco. (Record n. 37408)
[ formato base ]
| 000 -LEADER | |
|---|---|
| fixed length control field | 01106nam a2200253 i 4500 |
| 003 - CONTROL NUMBER IDENTIFIER | |
| control field | IT-RoINE |
| 008 - FIXED-LENGTH DATA ELEMENTS--GENERAL INFORMATION | |
| fixed length control field | 230908s1819 sp ||||| |||| 00| | spa d |
| 026 ## - FINGERPRINT IDENTIFIER | |
| First and second groups of characters | a.e- eros |
| Third and fourth groups of characters | tea- 19JA (3) |
| Date | 1819 (A) |
| Number of volume or part | t. 2 |
| 026 ## - FINGERPRINT IDENTIFIER | |
| First and second groups of characters | u-tam-ir |
| Third and fourth groups of characters | unen esmu (3) |
| Date | 1819 (A) |
| Number of volume or part | t. 3 |
| 040 ## - CATALOGING SOURCE | |
| Original cataloging agency | IT-RoINE |
| Transcribing agency | IT-RoINE |
| 100 1# - MAIN ENTRY--PERSONAL NAME | |
| 9 (RLIN) | 22237 |
| Personal name | Climent i Avinent, Josep, |
| Titles and other words associated with a name | Obispo de Barcelona, |
| Dates associated with a name | 1706-1781 |
| 245 10 - TITLE STATEMENT | |
| Title | Pláticas dominicales que el ... señor don Josef Climent, Obispo de Barcelona, predicó en la iglesia parroquial de San Bartolomé de la ciudad de Valencia de que fué parroco. |
| 260 ## - PUBLICATION, DISTRIBUTION, ETC. (IMPRINT) | |
| Place of publication, distribution, etc | Barcelona : |
| Name of publisher, distributor, etc | en la Oficina de Tecla Pla viuda, |
| Date of publication, distribution, etc | <1819> |
| 300 ## - PHYSICAL DESCRIPTION | |
| Extent | v. ; |
| Other physical details | 4º. |
| 336 ## - CONTENT TYPE | |
| Source | rdacontent |
| Content type term | text |
| 337 ## - MEDIA TYPE | |
| Source | rdamedia |
| Media type term | unmediated |
| 338 ## - CARRIER TYPE | |
| Source | rdacarrier |
| Carrier type term | volume |
| 500 ## - GENERAL NOTE | |
| General note | En la portada: Tercera impressión. Se reimprimen à beneficio del Colegio ó Casa de Huérfanos de Castellón de la Plana, fundado por S.S.I. |
| 597 ## - LOCAL NOTE (RLIN)--PHYSICAL DESCRIPTION | |
| Physical description note | Sign.t. 2: A4-2K4 |
| 597 ## - LOCAL NOTE (RLIN)--PHYSICAL DESCRIPTION | |
| Physical description note | Sign.t. 3: A-2F4 |
| 700 1# - ADDED ENTRY--PERSONAL NAME | |
| 9 (RLIN) | 72140 |
| Personal name | Pla, Tecla, |
| Relator term | impresor, |
| Dates associated with a name | activo 1803-1809 |
| 752 ## - ADDED ENTRY--HIERARCHICAL PLACE NAME | |
| Country or larger entity | España, |
| City | Barcelona |
| 942 ## - ADDED ENTRY ELEMENTS (KOHA) | |
| Source of classification or shelving scheme | Dewey Decimal Classification |
| Item type | Libro antiguo |
| Withdrawn status | Lost status | Source of classification or shelving scheme | Damaged status | Not for loan | Home library | Current library | Date acquired | Full call number | Barcode | Date last seen | Price effective from | Koha item type | Public note |
|---|---|---|---|---|---|---|---|---|---|---|---|---|---|
| Iglesia Nacional Española en Roma | Iglesia Nacional Española en Roma | Iglesia Nacional Española en Roma | 08/09/2023 | ANT.TER 82.2 | 65457 | 08/09/2023 | 08/09/2023 | Libro antiguo | T. II. - Encuadernado con T. III. - Donación de la Casa Generalicia de la Compañía de Santa Teresa de Jesús en Roma el día 20 de marzo de 2023. | ||||
| Iglesia Nacional Española en Roma | Iglesia Nacional Española en Roma | Iglesia Nacional Española en Roma | 08/09/2023 | ANT.TER 82.3 | 65458 | 08/09/2023 | 08/09/2023 | Libro antiguo | T. III. - Encuadernado con T. II. - Donación de la Casa Generalicia de la Compañía de Santa Teresa de Jesús en Roma el día 20 de marzo de 2023. |